00370nam a2200157Ia 4500008004000000041000800040082001000048100002700058245004500085260002100130650001200151650001100163650001400174650000800188650001600196210210b1940 xxu||||| |||| 00| 0 eng d aeng a884/4 aIYER (Krishnasvamy) Ed aSrimad valmiki RamAyana: III AranyakAnDa aPalghatb-c1940 avalmiki aSrimad aRamAyana: aIII aAranyakAnDa